000 00621nam a22001937a 4500
003 OSt
005 20260114084944.0
008 260114b |||||||| |||| 00| 0 eng d
020 _a978-621-04-3441-5
040 _aDWCL-Admin lib
_cOC
082 _aFil. 341.20 N124o 2022
100 _aNachura, Antonio E.
245 _aOutline Introduction to Public International Law /
_cAntonio E. Nachura
260 _aManila, Philippines :
_b Rex Bookstore,
_c c2022.
300 _a vi, 337 pages :
_billustrations ;
_c 24cm.
650 _a1. Law
700 _aGatdula, Jemy
942 _2ddc
_cBK - FIL
_e 2022 edition
_hFil.
_n0
999 _c7387
_d7387